LEADER 00805nam0-22003011i-450- 001 990000978140403321 010 $a0-19-851138-8 035 $a000097814 035 $aFED01000097814 035 $a(Aleph)000097814FED01 035 $a000097814 100 $a20000920d1977----km-y0itay50------ba 101 0 $aeng 200 1 $aAtomic and Laser Spectroscopy$fAlan Corney 210 $aOxford$cClarendon Press$d1977 610 0 $aStruttura atomica 610 0 $aSpettroscopia 676 $a539.14$a535.84 700 1$aCorney,$bAlan$045923 801 0$aIT$bUNINA$gRICA$2UNIMARC 901 $aBK 912 $a990000978140403321 952 $a35-067$b12197$fFI1 952 $a35-067.001$b14414$fFI1 959 $aFI1 996 $aAtomic and laser spectroscopy$9185350 997 $aUNINA DB $aING01 LEADER 01518oam 2200517zu 450 001 9910451521103321 005 20210721053948.0 010 $a1-280-11605-6 010 $a1-4175-8381-9 010 $a92-4-068140-X 035 $a(CKB)1000000000334668 035 $a(SSID)ssj0000107237 035 $a(PQKBManifestationID)11124947 035 $a(PQKBTitleCode)TC0000107237 035 $a(PQKBWorkID)10013340 035 $a(PQKB)11358060 035 $a(MiAaPQ)EBC284581 035 $a(EXLCZ)991000000000334668 100 $a20160829d2004 uy 101 0 $aeng 181 $ctxt 182 $cc 183 $acr 200 14$aThe atlas of heart disease and stroke 210 31$a[Place of publication not identified]$cWorld Health Organization$d2004 300 $aBibliographic Level Mode of Issuance: Monograph 311 $a92-4-156276-5 606 $aHeart Diseases$xepidemiology 606 $aGlobal Health 606 $aHealth Promotion 606 $aStroke$xepidemiology 606 $aRisk Factors 615 12$aHeart Diseases$xepidemiology. 615 22$aGlobal Health. 615 22$aHealth Promotion. 615 22$aStroke$xepidemiology. 615 22$aRisk Factors. 700 $aMackay$b Judith$0965318 702 $aMensah$b George A 702 $aWorld Health Organization 712 02$aWorld Health Organization 801 0$bPQKB 906 $aBOOK 912 $a9910451521103321 996 $aThe atlas of heart disease and stroke$92277135 997 $aUNINA LEADER 00888nam0-22002891i-450 001 990005358970403321 005 20240118100815.0 035 $a000535897 035 $aFED01000535897 035 $a(Aleph)000535897FED01 035 $a000535897 100 $a19990530d1961----km-y0itay50------ba 101 0 $aita 105 $af-------00--- 200 1 $aSu "I Gemelli della Lupa Capitolina$fValerio Mariani 210 $aNapoli$cGiannini$d1961 215 $aP. 2-4, 4 tav.$d27 cm 300 $aEstratto dagli "Atti" dell'Accademia Pontaniana. Nuova Serie, vol. X 700 1$aMariani,$bValerio$f<1899- >$024629 712 0 $aAccademia Pontaniana 801 0$aIT$bUNINA$gRICA$2UNIMARC 901 $aBK 912 $a990005358970403321 952 $aARCH. BM MISC. 137 (10)$bARCH. 14577$fFLFBC 959 $aFLFBC 996 $aSu "I Gemelli della Lupa Capitolina$9594206 997 $aUNINA LEADER 01948nam 2200589 a 450 001 9910953422903321 005 20250416110336.0 010 $a9781607804765 010 $a160780476X 035 $a(CKB)2560000000010254 035 $a(EBL)535571 035 $a(OCoLC)645093426 035 $a(SSID)ssj0000671908 035 $a(PQKBManifestationID)11385267 035 $a(PQKBTitleCode)TC0000671908 035 $a(PQKBWorkID)10636063 035 $a(PQKB)11318344 035 $a(OCoLC)712989945 035 $a(MiAaPQ)EBC535571 035 $a(Au-PeEL)EBL535571 035 $a(CaPaEBR)ebr10389152 035 $a(FR-PaCSA)45005171 035 $a(FRCYB45005171)45005171 035 $a(EXLCZ)992560000000010254 100 $a20150401h20101993 uy 0 101 0 $aeng 135 $aur|n|---||||| 181 $ctxt 182 $cc 183 $acr 200 10$aAngola $ecommunications /$fWorld Trade Press 205 $a2nd ed. 210 $aPetaluma, Calif. $cWorld Trade Press$dc1993-2010 [2010] 215 $a1 online resource (23 p.) 300 $aCover title. 330 $aGet all three comprehensive reports bundled into one for a complete media and communications profile of Angola. An excellent source of practical information, this profile offers an extensive dialing guide with city codes, a listing of ISPs and Internet cafes, profiles of the major media outlets (with contact info!) and more. 606 $aCommunication$zAngola 606 $aCommunication and traffic$zAngola 606 $aTelecommunication$zAngola 606 $aMobile communication systems$zAngola 615 0$aCommunication 615 0$aCommunication and traffic 615 0$aTelecommunication 615 0$aMobile communication systems 676 $a384.3 801 0$bMiAaPQ 801 1$bMiAaPQ 801 2$bMiAaPQ 906 $aBOOK 912 $a9910953422903321 996 $aAngola$9498560 997 $aUNINA